000 00783cam a2200325 4500
001 B1017
008 090401t1981 xxu||||| |||| 00| 0 eng d
035 _a(Sirsi) u42219
041 _aeng
050 _a333.33091
110 _aJones Lang Wootton
_92909
245 _aInternational property review 1981
260 _aLondon
_bJones Lang Wootton
_c1981
300 _a71p. : ill. 30cm.
350 _a0
650 _aAUSTRALIA
650 _aBELGIUM
650 _aEIRE
650 _aFRANCE
650 _aHONG KONG
650 _aINDONESIA
650 _aMALAYSIA
650 _aNETHERLANDS
650 _aPROPERTY MARKET
650 _aSINGAPORE
650 _aUNITED STATES OF AMERICA
650 _aFEDERAL REPUBLIC OF GERMANY
942 _n0
948 _c04/03/1997
999 _c91039
_d91039